000
00307nam a2200121Ia 4500
008
220204s9999 xx 000 0 und d
082
_a
614.71
_b
CRA
100
_a
Crawford, Martin
245
0
_a
Air pollution control theory
260
_a
New York
_b
McGraw Hill
_c
1976
650
_a
Air pollution
942
_c
BK
999
_c
25681
_d
25681